000 01158cam a2200301 i 4500
001 67762
003 Mx-PuUPA
005 20220919082716.0
008 150318s2017 puma gr 000 0 spa d
040 _aMX-PuUPA
_bspa
_erda
_cMx-PuUPA
_dMx-PuUPA
041 0 _aspa
043 _an-mx-pu
110 2 _aUniversidad Popular Autónoma del Estado de Puebla,
_eautor
_96081
240 1 0 _aInforme.
_kRector UPAEP
245 1 0 _aInforme del rector 2016-2017 /
_cUniversidad Popular Autónoma del Estado de Puebla ; Emilio José Baños Ardavín, rector
264 1 _a[Puebla, Puebla] :
_bUniversidad Popular Autónoma del Estado de Puebla,
_c2017
300 _a118 páginas :
_bilustraciones, fotografías ;
_c30 cm
336 _atexto
_2rdacontent
_btxt
337 _asin medio
_2rdamedia
_bn
338 _avolumen
_2rdacarrier
_bnc
650 4 _aEducación superior
_xEstadísticas
650 4 _aEducación superior
_xInformes
700 1 _aBaños Ardavín, Emilio José,
_erector
942 _2ddc
_cLI
_h378.107
_iI43
999 _c68348
_d68348